[Event "DEM U16 2020"]
[Site "Willingen GER"]
[Date "2020.10.23"]
[Round "5"]
[White "Köllner, Ruben Gideon"]
[Black "Kölle, Tobias"]
[Result "1/2-1/2"]
[Termination "normal"]
[Board "1"]
[WhiteTitle "FM"]
[WhiteElo "2337"]
[BlackElo "2323"]
[WhiteClock "00:34:37"]
[BlackClock "00:41:56"]
[PlyCount "74"]
[WhiteFideId "12993093"]
[BlackFideId "16207378"]
[EventCountry "GER"]
[EventRounds "7"]
[EventType "swiss"]
[EventDate "2020.10.19"]

1. d4 {[%clk 1:30:56]} Nf6 {[%clk 1:30:52]} 2. Nf3 {[%clk 1:31:23]} e6 {[%clk
1:30:58]} 3. Nbd2 {[%clk 1:31:43]} d5 {[%clk 1:30:55]} 4. e3 {[%clk 1:32:07]}
c5 {[%clk 1:31:07]} 5. b3 {[%clk 1:32:29]} Nc6 {[%clk 1:31:32]} 6. Bb2 {[%clk
1:32:51]} Bd6 {[%clk 1:31:53]} 7. Bd3 {[%clk 1:32:32]} O-O {[%clk 1:32:17]} 8.
a3 {[%clk 1:32:43]} b6 {[%clk 1:32:43]} 9. Ne5 {[%clk 1:32:49]} Bb7 {[%clk
1:33:07]} 10. O-O {[%clk 1:30:46]} Rc8 {[%clk 1:30:47]} 11. f4 {[%clk 1:25:05]}
Ne7 {[%clk 1:29:04]} 12. Qe2 {[%clk 1:22:20]} Ne4 {[%clk 1:23:56]} 13. Nxe4
{[%clk 1:20:53]} dxe4 {[%clk 1:24:13]} 14. Bc4 {[%clk 1:21:18]} cxd4 {[%clk
1:07:38]} 15. exd4 {[%clk 1:04:40]} Qc7 {[%clk 1:03:35]} 16. c3 {[%clk
1:00:36]} Nd5 {[%clk 0:59:09]} 17. Bxd5 {[%clk 0:52:24]} Bxd5 {[%clk 0:56:38]}
18. c4 {[%clk 0:52:42]} Bb7 {[%clk 0:56:58]} 19. g3 {[%clk 0:42:54]} Bxe5
{[%clk 0:54:56]} 20. fxe5 {[%clk 0:40:52]} e3 {[%clk 0:55:08]} 21. h3 {[%clk
0:34:10]} f6 {[%clk 0:46:06]} 22. Qxe3 Qc6 23. d5 {[%clk 0:33:15]} exd5 {[%clk
0:45:16]} 24. Qd4 {[%clk 0:33:36]} dxc4 {[%clk 0:44:45]} 25. Qxc4+ {[%clk
0:34:01]} Qxc4 {[%clk 0:45:05]} 26. bxc4 {[%clk 0:34:29]} fxe5 {[%clk 0:44:03]}
27. Rxf8+ {[%clk 0:34:37]} Kxf8 {[%clk 0:44:20]} 28. Rf1+ {[%clk 0:33:45]} Kg8
{[%clk 0:44:16]} 29. Bxe5 {[%clk 0:33:54]} Rxc4 {[%clk 0:43:58]} 30. Rd1 {[%clk
0:34:01]} Bc6 {[%clk 0:41:31]} 31. Rd8+ {[%clk 0:33:22]} Kf7 {[%clk 0:41:51]}
32. Rc8 {[%clk 0:33:32]} Bd5 {[%clk 0:40:05]} 33. Rxc4 {[%clk 0:33:09]} Bxc4
{[%clk 0:40:24]} 34. Kf2 {[%clk 0:33:34]} g6 {[%clk 0:40:49]} 35. Ke3 {[%clk
0:33:57]} Ke6 {[%clk 0:41:12]} 36. Kd4 {[%clk 0:34:13]} Bf1 {[%clk 0:41:37]}
37. h4 {[%clk 0:34:37]} h5 {[%clk 0:41:56]} 1/2-1/2

[Event "DEM U16 2020"]
[Site "Willingen GER"]
[Date "2020.10.23"]
[Round "5"]
[White "Fromm, Marius"]
[Black "Kolb, Tobias"]
[Result "1/2-1/2"]
[Termination "normal"]
[Board "2"]
[WhiteElo "2190"]
[BlackElo "2268"]
[PlyCount "90"]
[WhiteFideId "12993190"]
[BlackFideId "12992321"]
[EventCountry "GER"]
[EventRounds "7"]
[EventType "swiss"]
[EventDate "2020.10.19"]

1. e4 c6 2. Nc3 d5 3. Nf3 Bg4 4. h3 Bxf3 5. Qxf3 e6 6. Be2 Nf6 7. O-O Bb4 8. e5
Nfd7 9. Qg4 Bf8 10. f4 g6 11. d4 Qb6 12. Rd1 c5 13. dxc5 Qxc5+ 14. Kh1 Nc6 15.
Nb5 Nb4 16. c3 Nc2 17. Rb1 a6 18. b4 Qb6 19. Nd4 Nxd4 20. Rxd4 Rc8 21. Rb3 Bg7
22. Be3 O-O 23. Qf3 Qc7 24. c4 Nb6 25. c5 Nd7 26. Rd1 f6 27. exf6 Nxf6 28. Bd3
Nh5 29. Rf1 e5 30. Qxd5+ Kh8 31. Qf3 exf4 32. Bf2 Ng3+ 33. Bxg3 fxg3 34. Qd5
Rcd8 35. Rxf8+ Bxf8 36. Qf3 Bg7 37. Bc4 Qe5 38. Rb1 Qc3 39. Qxc3 Bxc3 40. a3
Bb2 41. Be2 Bxa3 42. Bf3 Rd7 43. Kg1 Kg7 44. Kf1 Kf6 45. Ke2 Ke7 1/2-1/2

[Event "DEM U16 2020"]
[Site "Willingen GER"]
[Date "2020.10.23"]
[Round "5"]
[White "Pubantz, Jan"]
[Black "Boder, Jan"]
[Result "0-1"]
[Termination "normal"]
[Board "4"]
[WhiteElo "2295"]
[BlackElo "2155"]
[WhiteClock "00:00:37"]
[BlackClock "00:41:17"]
[PlyCount "58"]
[WhiteFideId "12996114"]
[BlackFideId "16243226"]
[EventCountry "GER"]
[EventRounds "7"]
[EventType "swiss"]
[EventDate "2020.10.19"]

1. d4 {[%clk 1:30:57]} Nf6 {[%clk 1:30:26]} 2. c4 {[%clk 1:31:18]} c5 {[%clk
1:30:52]} 3. d5 {[%clk 1:31:43]} b5 {[%clk 1:31:20]} 4. cxb5 {[%clk 1:32:04]}
a6 {[%clk 1:31:48]} 5. bxa6 {[%clk 1:32:25]} g6 {[%clk 1:32:14]} 6. Nc3 {[%clk
1:32:41]} Bg7 {[%clk 1:32:35]} 7. e4 {[%clk 1:31:49]} O-O {[%clk 1:32:59]} 8.
e5 {[%clk 1:31:42]} Ne8 {[%clk 1:32:45]} 9. h4 {[%clk 1:31:14]} h5 {[%clk
1:23:10]} 10. g4 {[%clk 1:27:04]} Bxa6 {[%clk 1:16:16]} 11. gxh5 {[%clk
1:22:14]} Bxf1 {[%clk 1:16:28]} 12. Kxf1 {[%clk 1:22:35]} Bxe5 {[%clk 1:14:23]}
13. hxg6 {[%clk 1:00:39]} fxg6 {[%clk 1:13:03]} 14. Qg4 {[%clk 0:57:09]} Qb6
{[%clk 1:11:45]} 15. Nf3 {[%clk 0:50:19]} Qf6 {[%clk 1:08:32]} 16. Kg2 {[%clk
0:49:23]} Bxc3 {[%clk 1:06:53]} 17. bxc3 {[%clk 0:49:05]} Ra4 {[%clk 1:07:06]}
18. Qh3 {[%clk 0:45:00]} Ng7 {[%clk 1:02:28]} 19. Bg5 {[%clk 0:39:07]} Qf7
{[%clk 1:02:23]} 20. Rae1 {[%clk 0:33:02]} Nh5 {[%clk 1:00:17]} 21. Rxe7 {[%clk
0:22:49]} Qxd5 {[%clk 0:56:18]} 22. Re5 {[%clk 0:18:45]} Qc6 {[%clk 0:56:24]}
23. Rhe1 {[%clk 0:17:58]} Rxf3 {[%clk 0:54:49]} 24. Re8+ {[%clk 0:08:22]} Kh7
{[%clk 0:53:32]} 25. R1e7+ {[%clk 0:07:01]} Ng7 {[%clk 0:52:13]} 26. Qh2 {[%clk
0:06:42]} Rxa2 {[%clk 0:40:45]} 27. Rxg7+ {[%clk 0:00:34]} Kxg7 {[%clk
0:41:10]} 28. Qe5+ {[%clk 0:00:34]} Rf6+ {[%clk 0:41:33]} 29. Kf1 {[%clk
0:00:37]} Raxf2+ {[%clk 0:41:17]} 0-1

[Event "DEM U16 2020"]
[Site "Willingen GER"]
[Date "2020.10.23"]
[Round "5"]
[White "Pahl, Erik"]
[Black "Dahl, Christoph"]
[Result "0-1"]
[Termination "normal"]
[Board "5"]
[WhiteElo "2097"]
[BlackElo "2262"]
[WhiteClock "00:37:00"]
[BlackClock "00:08:49"]
[PlyCount "80"]
[WhiteFideId "16201272"]
[BlackFideId "16240235"]
[EventCountry "GER"]
[EventRounds "7"]
[EventType "swiss"]
[EventDate "2020.10.19"]

1. e4 {[%clk 1:30:56]} c5 {[%clk 1:30:43]} 2. Nf3 {[%clk 1:31:20]} d6 {[%clk
1:30:35]} 3. d4 {[%clk 1:26:33]} cxd4 {[%clk 1:29:54]} 4. Nxd4 {[%clk 1:26:56]}
Nf6 {[%clk 1:29:25]} 5. Nc3 {[%clk 1:27:19]} a6 {[%clk 1:29:08]} 6. Bc4 {[%clk
1:27:35]} e6 {[%clk 1:28:30]} 7. O-O {[%clk 1:27:58]} Be7 {[%clk 1:28:10]} 8.
Bb3 {[%clk 1:28:19]} O-O {[%clk 1:27:34]} 9. Be3 {[%clk 1:28:08]} Qc7 {[%clk
1:24:46]} 10. f4 {[%clk 1:27:43]} Nc6 {[%clk 1:23:26]} 11. f5 {[%clk 1:28:02]}
e5 {[%clk 1:13:47]} 12. Nde2 {[%clk 1:17:03]} b5 {[%clk 1:06:43]} 13. Ng3
{[%clk 1:17:12]} Bb7 {[%clk 0:55:57]} 14. Nd5 {[%clk 1:12:59]} Nxd5 {[%clk
0:44:55]} 15. Bxd5 {[%clk 1:13:17]} Na5 {[%clk 0:41:53]} 16. Bxb7 {[%clk
1:07:20]} Qxb7 {[%clk 0:39:19]} 17. f6 {[%clk 1:07:20]} Bxf6 {[%clk 0:39:12]}
18. Rxf6 {[%clk 1:06:39]} gxf6 {[%clk 0:39:36]} 19. Qf3 {[%clk 1:06:52]} f5
{[%clk 0:37:34]} 20. Nxf5 {[%clk 1:05:55]} f6 {[%clk 0:37:52]} 21. Nxd6 {[%clk
1:05:22]} Qc7 {[%clk 0:34:51]} 22. Nf5 {[%clk 1:04:36]} Kh8 {[%clk 0:34:27]}
23. Qf2 {[%clk 1:00:44]} Nb7 {[%clk 0:31:28]} 24. Rf1 {[%clk 0:56:57]} Rac8
{[%clk 0:29:52]} 25. c3 {[%clk 0:56:43]} Nc5 {[%clk 0:24:14]} 26. Qh4 {[%clk
0:51:35]} Ne6 {[%clk 0:19:29]} 27. Ng3 {[%clk 0:50:12]} Nf4 {[%clk 0:15:33]}
28. Bxf4 {[%clk 0:43:36]} exf4 {[%clk 0:15:58]} 29. Nf5 {[%clk 0:43:21]} Rcd8
{[%clk 0:12:44]} 30. Nd4 {[%clk 0:41:54]} b4 {[%clk 0:12:13]} 31. Qxf4 {[%clk
0:40:20]} Qxf4 {[%clk 0:11:55]} 32. Rxf4 {[%clk 0:40:46]} bxc3 {[%clk 0:12:21]}
33. bxc3 {[%clk 0:41:12]} Rc8 {[%clk 0:12:33]} 34. Rf3 {[%clk 0:41:36]} Rfe8
{[%clk 0:11:40]} 35. Re3 {[%clk 0:39:58]} Rc4 {[%clk 0:11:49]} 36. Kf2 {[%clk
0:39:03]} Ra4 {[%clk 0:10:29]} 37. Kf3 {[%clk 0:36:49]} Rxa2 {[%clk 0:10:27]}
38. c4 {[%clk 0:37:10]} Rc8 {[%clk 0:09:09]} 39. Rc3 {[%clk 0:37:09]} Ra4
{[%clk 0:08:48]} 40. Ne2 {[%clk 0:37:00]} Rcxc4 {[%clk 0:08:49]} 0-1

[Event "DEM U16 2020"]
[Site "Willingen GER"]
[Date "2020.10.23"]
[Round "5"]
[White "Dobrikov, Marco"]
[Black "Müller, Magnus"]
[Result "1/2-1/2"]
[Termination "normal"]
[Board "6"]
[WhiteElo "2332"]
[BlackElo "2030"]
[WhiteClock "00:24:47"]
[BlackClock "00:26:43"]
[PlyCount "102"]
[WhiteFideId "12950378"]
[BlackFideId "16230060"]
[EventCountry "GER"]
[EventRounds "7"]
[EventType "swiss"]
[EventDate "2020.10.19"]

1. e4 {[%clk 1:30:57]} c5 {[%clk 1:30:46]} 2. Nf3 {[%clk 1:31:20]} Nc6 {[%clk
1:31:10]} 3. d4 {[%clk 1:31:48]} cxd4 {[%clk 1:31:33]} 4. Nxd4 {[%clk 1:32:14]}
e6 {[%clk 1:31:17]} 5. Nc3 {[%clk 1:32:27]} Qc7 {[%clk 1:31:40]} 6. Be3 {[%clk
1:32:48]} a6 {[%clk 1:32:03]} 7. Bd3 {[%clk 1:32:57]} Nf6 {[%clk 1:32:13]} 8.
O-O {[%clk 1:33:21]} b5 {[%clk 1:32:40]} 9. Nxc6 {[%clk 1:24:54]} Qxc6 {[%clk
1:33:01]} 10. a3 {[%clk 1:25:13]} Bb7 {[%clk 1:32:47]} 11. Qe2 {[%clk 1:23:07]}
Rc8 {[%clk 1:26:41]} 12. Bd4 {[%clk 1:19:50]} Bc5 {[%clk 1:07:11]} 13. Bxf6
{[%clk 1:12:31]} gxf6 {[%clk 1:07:35]} 14. Nd5 {[%clk 1:07:56]} Be7 {[%clk
0:57:59]} 15. Ne3 {[%clk 1:03:06]} Rg8 {[%clk 0:55:08]} 16. c4 {[%clk 0:47:48]}
b4 {[%clk 0:42:09]} 17. axb4 {[%clk 0:47:57]} Bxb4 {[%clk 0:42:30]} 18. Kh1
{[%clk 0:45:14]} Be7 {[%clk 0:31:51]} 19. b4 {[%clk 0:34:11]} Qc7 {[%clk
0:11:21]} 20. c5 {[%clk 0:32:54]} d6 {[%clk 0:06:35]} 21. c6 {[%clk 0:32:41]}
Qxc6 {[%clk 0:02:55]} 22. b5 {[%clk 0:32:53]} Qc5 {[%clk 0:02:51]} 23. bxa6
{[%clk 0:33:12]} Ba8 {[%clk 0:03:08]} 24. Qd2 {[%clk 0:27:39]} Qc3 {[%clk
0:01:23]} 25. Qxc3 {[%clk 0:19:41]} Rxc3 {[%clk 0:01:49]} 26. Rfc1 {[%clk
0:20:06]} Rxc1+ {[%clk 0:02:00]} 27. Rxc1 {[%clk 0:20:32]} Kd7 {[%clk 0:01:51]}
28. Bb5+ {[%clk 0:20:56]} Kd8 {[%clk 0:02:17]} 29. h4 {[%clk 0:13:24]} f5
{[%clk 0:01:00]} 30. a7 {[%clk 0:08:28]} Bxh4 {[%clk 0:00:40]} 31. Bc6 {[%clk
0:06:06]} Bxc6 {[%clk 0:00:55]} 32. Rxc6 {[%clk 0:06:27]} Kd7 {[%clk 0:01:23]}
33. Ra6 {[%clk 0:06:48]} Ra8 {[%clk 0:01:47]} 34. g3 {[%clk 0:05:45]} Bd8
{[%clk 0:01:53]} 35. exf5 {[%clk 0:04:34]} h5 {[%clk 0:01:09]} 36. Kg2 {[%clk
0:04:19]} d5 {[%clk 0:00:39]} 37. fxe6+ {[%clk 0:04:21]} fxe6 {[%clk 0:01:07]}
38. f4 {[%clk 0:03:25]} Be7 {[%clk 0:00:44]} 39. Ra5 {[%clk 0:01:28]} Kc6
{[%clk 0:00:36]} 40. Ra6+ {[%clk 0:01:23]} Kd7 {[%clk 0:01:02]} 41. f5 {[%clk
0:30:06]} exf5 {[%clk 0:28:02]} 42. Nxd5 {[%clk 0:26:50]} Bc5 {[%clk 0:28:10]}
43. Nf6+ {[%clk 0:23:00]} Ke7 {[%clk 0:27:48]} 44. Rc6 {[%clk 0:23:00]} Bd6
{[%clk 0:25:17]} 45. Nd5+ {[%clk 0:23:12]} Kd7 {[%clk 0:24:55]} 46. Rxd6+
{[%clk 0:23:37]} Kxd6 {[%clk 0:25:19]} 47. Nb6 {[%clk 0:24:05]} Rxa7 {[%clk
0:25:40]} 48. Nc8+ {[%clk 0:24:31]} Ke5 {[%clk 0:26:06]} 49. Nxa7 {[%clk
0:24:40]} f4 {[%clk 0:26:27]} 50. Nc6+ {[%clk 0:25:03]} Ke4 {[%clk 0:26:52]}
51. gxf4 {[%clk 0:24:47]} Kxf4 {[%clk 0:26:43]} 1/2-1/2

[Event "DEM U16 2020"]
[Site "Willingen GER"]
[Date "2020.10.23"]
[Round "5"]
[White "Sulayev, Daniel"]
[Black "Hinrichs, Paul"]
[Result "1/2-1/2"]
[Termination "normal"]
[Board "7"]
[WhiteElo "2193"]
[BlackElo "2168"]
[WhiteClock "00:15:51"]
[BlackClock "00:32:49"]
[PlyCount "61"]
[WhiteFideId "12977675"]
[BlackFideId "12942545"]
[EventCountry "GER"]
[EventRounds "7"]
[EventType "swiss"]
[EventDate "2020.10.19"]

1. c4 {[%clk 1:30:59]} c6 {[%clk 1:30:29]} 2. Nf3 {[%clk 1:31:19]} d5 {[%clk
1:30:47]} 3. e3 {[%clk 1:31:41]} Nf6 {[%clk 1:30:50]} 4. Nc3 {[%clk 1:31:57]}
g6 {[%clk 1:30:26]} 5. Be2 {[%clk 1:30:49]} Bg7 {[%clk 1:29:59]} 6. O-O {[%clk
1:30:56]} O-O {[%clk 1:28:16]} 7. d4 {[%clk 1:31:11]} b6 {[%clk 1:17:47]} 8. b3
{[%clk 1:19:14]} c5 {[%clk 1:14:03]} 9. Bb2 {[%clk 1:15:14]} cxd4 {[%clk
1:11:48]} 10. Nxd4 {[%clk 1:14:57]} Bb7 {[%clk 1:09:25]} 11. cxd5 {[%clk
1:01:04]} Nxd5 {[%clk 1:05:48]} 12. Rc1 {[%clk 0:53:59]} Nxc3 {[%clk 0:54:29]}
13. Bxc3 {[%clk 0:54:15]} e5 {[%clk 0:49:48]} 14. Nb5 {[%clk 0:51:27]} Qg5
{[%clk 0:49:48]} 15. Bf3 {[%clk 0:45:47]} e4 {[%clk 0:48:22]} 16. Be2 {[%clk
0:45:58]} Rd8 {[%clk 0:48:24]} 17. Qc2 {[%clk 0:45:50]} Nc6 {[%clk 0:48:37]}
18. Bxg7 {[%clk 0:39:22]} Kxg7 {[%clk 0:48:48]} 19. Rfd1 {[%clk 0:39:01]} Qe5
{[%clk 0:45:40]} 20. Qc3 {[%clk 0:29:18]} Qxc3 {[%clk 0:44:38]} 21. Nxc3 {[%clk
0:29:45]} Ne5 {[%clk 0:44:56]} 22. Rxd8 {[%clk 0:20:33]} Rxd8 {[%clk 0:45:20]}
23. Rc2 {[%clk 0:20:50]} Nd3 {[%clk 0:42:23]} 24. a3 {[%clk 0:20:04]} Rc8
{[%clk 0:41:54]} 25. Bd1 {[%clk 0:18:26]} Nb2 {[%clk 0:38:21]} 26. Rxb2 {[%clk
0:17:51]} Rxc3 {[%clk 0:38:46]} 27. Kf1 {[%clk 0:16:16]} Kf6 {[%clk 0:35:51]}
28. Ke1 {[%clk 0:16:20]} Ke5 {[%clk 0:35:27]} 29. Kd2 {[%clk 0:16:00]} Rd3+
{[%clk 0:35:48]} 30. Kc1 {[%clk 0:16:20]} h5 {[%clk 0:32:49]} 31. Rd2 {[%clk
0:15:51]} 1/2-1/2

[Event "DEM U16 2020"]
[Site "Willingen GER"]
[Date "2020.10.23"]
[Round "5"]
[White "Nguyen, Alex Dac-Vuong"]
[Black "Skabs, Denis"]
[Result "1-0"]
[Termination "normal"]
[Board "8"]
[WhiteTitle "FM"]
[WhiteElo "2343"]
[BlackElo "1875"]
[WhiteClock "01:04:46"]
[BlackClock "00:38:44"]
[PlyCount "89"]
[WhiteFideId "12984388"]
[BlackFideId "16248449"]
[EventCountry "GER"]
[EventRounds "7"]
[EventType "swiss"]
[EventDate "2020.10.19"]

1. e4 {[%clk 1:30:57]} e5 {[%clk 1:30:56]} 2. Nf3 {[%clk 1:31:21]} Nc6 {[%clk
1:31:23]} 3. Bb5 {[%clk 1:31:45]} Nge7 {[%clk 1:31:47]} 4. Nc3 {[%clk 1:32:07]}
g6 {[%clk 1:32:11]} 5. d4 {[%clk 1:32:33]} exd4 {[%clk 1:32:37]} 6. Nd5 {[%clk
1:32:55]} Bg7 {[%clk 1:33:01]} 7. Bg5 {[%clk 1:33:19]} h6 {[%clk 1:33:27]} 8.
Bf6 {[%clk 1:33:43]} Kf8 {[%clk 1:29:32]} 9. Bxg7+ {[%clk 1:33:55]} Kxg7 {[%clk
1:29:56]} 10. Bxc6 {[%clk 1:34:18]} Nxc6 {[%clk 1:29:34]} 11. Nxd4 {[%clk
1:34:42]} Nxd4 {[%clk 1:20:11]} 12. Qxd4+ {[%clk 1:34:57]} f6 {[%clk 1:20:34]}
13. O-O-O {[%clk 1:31:26]} d6 {[%clk 1:14:02]} 14. Qc3 {[%clk 1:29:15]} c6
{[%clk 1:09:00]} 15. Nf4 {[%clk 1:29:25]} Qe7 {[%clk 1:02:48]} 16. Qg3 {[%clk
1:29:04]} g5 {[%clk 0:50:39]} 17. Rxd6 {[%clk 1:27:10]} Qxe4 {[%clk 0:43:22]}
18. Nh5+ {[%clk 1:26:15]} Kg6 {[%clk 0:43:41]} 19. Nxf6 {[%clk 1:26:23]} Qf4+
{[%clk 0:43:25]} 20. Qxf4 {[%clk 1:25:59]} gxf4 {[%clk 0:43:48]} 21. Re1 {[%clk
1:11:35]} Bf5 {[%clk 0:39:44]} 22. Re5 {[%clk 1:11:48]} Rad8 {[%clk 0:38:24]}
23. Nd7+ {[%clk 1:11:25]} Kf7 {[%clk 0:36:54]} 24. Rf6+ {[%clk 1:09:43]} Kg8
{[%clk 0:37:06]} 25. Rfxf5 {[%clk 1:03:45]} Rxd7 {[%clk 0:36:55]} 26. Re8+
{[%clk 1:04:10]} Kg7 {[%clk 0:37:16]} 27. Rxh8 {[%clk 1:04:36]} Kxh8 {[%clk
0:37:41]} 28. Rxf4 {[%clk 1:05:00]} Kg7 {[%clk 0:37:46]} 29. h4 {[%clk
1:05:17]} Kg6 {[%clk 0:38:06]} 30. a4 {[%clk 1:05:20]} Rd5 {[%clk 0:37:57]} 31.
b3 {[%clk 1:04:51]} a5 {[%clk 0:38:01]} 32. g4 {[%clk 1:04:26]} Rd7 {[%clk
0:37:24]} 33. Rf5 {[%clk 1:04:48]} Rd4 {[%clk 0:37:46]} 34. f3 {[%clk 1:04:57]}
b6 {[%clk 0:38:11]} 35. h5+ {[%clk 1:05:14]} Kg7 {[%clk 0:38:36]} 36. f4 {[%clk
1:04:35]} Rd6 {[%clk 0:38:14]} 37. g5 {[%clk 1:04:52]} hxg5 {[%clk 0:38:40]}
38. fxg5 {[%clk 1:05:19]} c5 {[%clk 0:38:19]} 39. Re5 {[%clk 1:05:34]} Kf7
{[%clk 0:38:37]} 40. g6+ {[%clk 1:04:11]} Kf6 {[%clk 0:38:48]} 41. Re8 {[%clk
1:04:23]} Rd5 {[%clk 0:38:27]} 42. Rf8+ {[%clk 1:03:51]} Kg7 {[%clk 0:38:37]}
43. Rf7+ {[%clk 1:04:15]} Kg8 {[%clk 0:38:30]} 44. h6 {[%clk 1:04:37]} Rd8
{[%clk 0:38:44]} 45. Rb7 {[%clk 1:04:46]} 1-0

[Event "DEM U16 2020"]
[Site "Willingen GER"]
[Date "2020.10.23"]
[Round "5"]
[White "Mainka, Alwin"]
[Black "Weihrauch, Jakob"]
[Result "0-1"]
[Termination "normal"]
[Board "9"]
[WhiteElo "1954"]
[BlackElo "2184"]
[WhiteClock "00:01:41"]
[BlackClock "00:08:12"]
[PlyCount "68"]
[WhiteFideId "16241177"]
[BlackFideId "16210115"]
[EventCountry "GER"]
[EventRounds "7"]
[EventType "swiss"]
[EventDate "2020.10.19"]

1. e4 {[%clk 1:30:56]} c5 {[%clk 1:30:47]} 2. Nf3 {[%clk 1:31:18]} d6 {[%clk
1:31:13]} 3. d4 {[%clk 1:31:41]} cxd4 {[%clk 1:31:40]} 4. Nxd4 {[%clk 1:32:02]}
Nf6 {[%clk 1:32:05]} 5. Nc3 {[%clk 1:32:22]} a6 {[%clk 1:32:28]} 6. g3 {[%clk
1:32:38]} e5 {[%clk 1:32:36]} 7. Nde2 {[%clk 1:32:57]} Be7 {[%clk 1:32:43]} 8.
a4 {[%clk 1:32:59]} Nc6 {[%clk 1:32:33]} 9. Bg2 {[%clk 1:33:09]} Nb4 {[%clk
1:26:30]} 10. O-O {[%clk 1:22:54]} Be6 {[%clk 1:25:05]} 11. Nd5 {[%clk
1:17:36]} Nbxd5 {[%clk 1:17:33]} 12. exd5 {[%clk 1:17:54]} Bf5 {[%clk 1:15:59]}
13. c4 {[%clk 1:10:08]} Rc8 {[%clk 1:12:24]} 14. b3 {[%clk 1:09:52]} O-O {[%clk
1:03:26]} 15. Nc3 {[%clk 1:03:37]} Nd7 {[%clk 1:00:17]} 16. Be3 {[%clk
0:57:33]} Bg6 {[%clk 0:58:02]} 17. f4 {[%clk 0:50:59]} exf4 {[%clk 0:56:37]}
18. gxf4 {[%clk 0:50:59]} Bf6 {[%clk 0:53:58]} 19. Rc1 {[%clk 0:47:19]} Re8
{[%clk 0:47:45]} 20. Qd2 {[%clk 0:38:45]} Bf5 {[%clk 0:42:54]} 21. Ne2 {[%clk
0:33:07]} Nc5 {[%clk 0:35:47]} 22. Bxc5 {[%clk 0:32:15]} dxc5 {[%clk 0:29:08]}
23. Ng3 {[%clk 0:29:55]} Bd4+ {[%clk 0:28:41]} 24. Kh1 {[%clk 0:30:16]} Bg4
{[%clk 0:24:49]} 25. Rce1 {[%clk 0:29:08]} Rxe1 {[%clk 0:20:53]} 26. Qxe1
{[%clk 0:25:50]} Qd7 {[%clk 0:19:22]} 27. f5 {[%clk 0:16:57]} Re8 {[%clk
0:19:09]} 28. Qd2 {[%clk 0:12:37]} h5 {[%clk 0:15:07]} 29. h3 {[%clk 0:09:22]}
Be3 {[%clk 0:10:16]} 30. Qc3 {[%clk 0:08:41]} Qd6 {[%clk 0:07:16]} 31. Ne4
{[%clk 0:03:31]} Rxe4 {[%clk 0:07:29]} 32. Bxe4 {[%clk 0:01:02]} Qg3 {[%clk
0:07:50]} 33. Bg2 {[%clk 0:01:20]} Bxh3 {[%clk 0:08:12]} 34. Rg1 {[%clk
0:01:41]} Bxg2+ 0-1

[Event "DEM U16 2020"]
[Site "Willingen GER"]
[Date "2020.10.23"]
[Round "5"]
[White "Hommel, Niclas"]
[Black "Simukov, Erik"]
[Result "1/2-1/2"]
[Termination "normal"]
[Board "10"]
[WhiteElo "2047"]
[BlackElo "2012"]
[WhiteClock "00:17:16"]
[BlackClock "00:59:55"]
[PlyCount "83"]
[WhiteFideId "12974927"]
[BlackFideId "12995380"]
[EventCountry "GER"]
[EventRounds "7"]
[EventType "swiss"]
[EventDate "2020.10.19"]

1. e4 {[%clk 1:30:58]} e5 {[%clk 1:30:52]} 2. Nf3 {[%clk 1:31:24]} Nc6 {[%clk
1:31:16]} 3. Bc4 {[%clk 1:31:51]} Bc5 {[%clk 1:31:34]} 4. c3 {[%clk 1:32:17]}
Nf6 {[%clk 1:31:35]} 5. d3 {[%clk 1:32:43]} d6 {[%clk 1:31:01]} 6. O-O {[%clk
1:33:06]} a6 {[%clk 1:31:17]} 7. Bb3 {[%clk 1:33:31]} Ba7 {[%clk 1:31:26]} 8.
Nbd2 {[%clk 1:33:49]} O-O {[%clk 1:30:55]} 9. h3 {[%clk 1:34:08]} Nh5 {[%clk
1:27:55]} 10. Nc4 {[%clk 1:31:02]} Qf6 {[%clk 1:26:21]} 11. Ne3 {[%clk
1:31:27]} Nf4 {[%clk 1:24:02]} 12. Nd5 {[%clk 1:31:49]} Nxd5 13. exd5 {[%clk
1:32:12]} Nb8 {[%clk 1:20:47]} 14. d4 {[%clk 1:32:36]} exd4 {[%clk 1:19:45]}
15. Nxd4 {[%clk 1:27:21]} Bxd4 {[%clk 1:13:44]} 16. cxd4 {[%clk 1:27:46]} Bf5
{[%clk 1:13:35]} 17. Qf3 {[%clk 1:21:39]} Qg6 {[%clk 1:11:35]} 18. Bf4 {[%clk
0:58:34]} Nd7 {[%clk 1:10:21]} 19. Qg3 {[%clk 0:53:02]} Nf6 {[%clk 1:06:26]}
20. Qxg6 {[%clk 0:53:09]} fxg6 {[%clk 1:02:00]} 21. Rac1 {[%clk 0:48:06]} Rf7
{[%clk 1:00:31]} 22. f3 {[%clk 0:46:18]} a5 {[%clk 0:50:50]} 23. Bc4 {[%clk
0:19:02]} Bd7 {[%clk 0:50:04]} 24. a3 {[%clk 0:19:12]} b5 {[%clk 0:50:14]} 25.
Ba2 {[%clk 0:18:44]} Bc8 {[%clk 0:49:45]} 26. Bg5 {[%clk 0:10:01]} Ne8 {[%clk
0:48:53]} 27. Rc2 {[%clk 0:06:47]} Bb7 {[%clk 0:47:44]} 28. Re2 {[%clk
0:04:59]} Rf5 {[%clk 0:42:40]} 29. Rfe1 {[%clk 0:05:25]} Kf8 {[%clk 0:38:22]}
30. Bd2 {[%clk 0:05:18]} Rf7 {[%clk 0:36:45]} 31. Bxa5 {[%clk 0:04:44]} Nf6
{[%clk 0:36:06]} 32. Bd2 {[%clk 0:05:10]} Bxd5 {[%clk 0:36:06]} 33. Bxd5 {[%clk
0:03:48]} Nxd5 {[%clk 0:36:30]} 34. Kf2 {[%clk 0:03:55]} Re7 {[%clk 0:35:36]}
35. Rxe7 {[%clk 0:03:21]} Nxe7 {[%clk 0:36:00]} 36. Ke2 {[%clk 0:03:32]} Nd5
{[%clk 0:35:03]} 37. Kd3 {[%clk 0:03:56]} Kf7 {[%clk 0:35:06]} 38. Ra1 {[%clk
0:01:50]} Ke6 {[%clk 0:35:03]} 39. b3 {[%clk 0:01:50]} Nb6 {[%clk 0:35:06]} 40.
Bb4 {[%clk 0:01:18]} Kd5 {[%clk 0:30:11]} 41. Rc1 {[%clk 0:26:16]} Ra7 {[%clk
0:59:55]} 42. Rc2 {[%clk 0:17:16]} 1/2-1/2